01159 2200265 4500001002100000005001500021035002000036007000300056008004100059020002200100082001200122084001800134100003600152245007700188250001400265300004300279700002800322520037600350600003600726264003100762336003100793337003000824338002300854990001600877INLIS00000000000007820210204103543 a0010-0121000073ta210204 b j ind  a978-602-241-440-7 a297.246 a297.246 ABU m0 aAbu Muhammad BIntangePengarang1 aManusia Dan Nabi Pertama Di Bumu :bNabi Adam AS /cAbu Muhammad BIntang aCetakan I ai, 86 Halaman :bAgama ;c21 x 27,5 cm0 aTim DiBravoePengarang aAdik adik yang saleh, umat manusia berasal dari rahim UIbunda Hawa yang dinikahi oleh Nabi Adan AS, manusia pertama yang diciptakan Allah SWT. di surga. Pernikahan keduanya melahirkan keturunan beraneka angsa, ada yang berkulit putih, merah, kuning, bermata besar, erambut ikal, keriting lurus dan sebagainya. Ketahuilah, semua bangsa mempunyai derajad yang paling mulia 4aSejarah Islam, Tarikh, Biografi aJakarta :bErlangga,c2013 aTeks Bergambar2rdacontent aTanpa Perantara2rdamedia aVolume2rdacarrier a00000000378